000 00300nam a2200133Ia 4500
003 OSt
005 20240209104321.0
008 170524s9999 xx 000 0 und d
020 _a8180545344
040 _ciimtu meerut
100 _aPRASAD- L.M
245 0 _aORGANIZATIONAL BEHAVIOUR
942 _2ddc
_c02
999 _c4393
_d4393